Visualizzazione normale
Vista MARC
- Bihlmeyer, Karl,
di Personal Name
Records bibliografici associati: 1
001 - CONTROL NUMBER
- control field: 20786
003 - CONTROL NUMBER IDENTIFIER
- control field: IT-RoINE
005 - DATE AND TIME OF LATEST TRANSACTION
- control field: 20150902092519.0
008 - FIXED-LENGTH DATA ELEMENTS
- fixed length control field: 150902|| aca||aabn | a|a d
040 ## - CATALOGING SOURCE
- Original cataloging agency: IT-RoINE
- Transcribing agency: IT-RoINE
100 ## - HEADING--PERSONAL NAME
- Personal name: Bihlmeyer, Karl,
- Dates associated with a name: 1874-1942.
670 ## - SOURCE DATA FOUND
- Source citation: Work cat.: (IT-RoINE)0: Bihlmeyer, Karl, 1874-1942., Storia della Chiesa /, 1957-1960